MARC details
| 000 -LEADER |
| fixed length control field |
01136cam a22003371i 4500 |
| 001 - CONTROL NUMBER |
| control field |
200468094 |
| 003 - CONTROL NUMBER IDENTIFIER |
| control field |
TR-AnTOB |
| 005 - DATE AND TIME OF LATEST TRANSACTION |
| control field |
20260413174024.0 |
| 007 - PHYSICAL DESCRIPTION FIXED FIELD--GENERAL INFORMATION |
| fixed length control field |
ta |
| 008 - FIXED-LENGTH DATA ELEMENTS--GENERAL INFORMATION |
| fixed length control field |
260413s1964 nyuc 000 0beng d |
| 010 ## - LIBRARY OF CONGRESS CONTROL NUMBER |
| LC control number |
64016181 |
| 035 ## - SYSTEM CONTROL NUMBER |
| System control number |
2167891 |
| 040 ## - CATALOGING SOURCE |
| Original cataloging agency |
DLC |
| Language of cataloging |
eng |
| Description conventions |
rda |
| Transcribing agency |
DLC |
| Modifying agency |
DLC |
| -- |
TR-AnTOB |
| 041 0# - LANGUAGE CODE |
| Language code of text/sound track or separate title |
İngilizce |
| 050 00 - LIBRARY OF CONGRESS CALL NUMBER |
| Classification number |
PS3545.H16 |
| Item number |
Z64 1964 |
| 090 ## - LOCALLY ASSIGNED LC-TYPE CALL NUMBER (OCLC); LOCAL CALL NUMBER (RLIN) |
| Classification number (OCLC) (R) ; Classification number, CALL (RLIN) (NR) |
PS3545.H16 |
| Local cutter number (OCLC) ; Book number/undivided call number, CALL (RLIN) |
Z64 1964 TıpFaK |
| 100 1# - MAIN ENTRY--PERSONAL NAME |
| Personal name |
Coolidge, Olivia E. |
| Relator term |
author |
| 9 (RLIN) |
153625 |
| 245 10 - TITLE STATEMENT |
| Title |
Edith Wharton, 1862-1937 / |
| Statement of responsibility, etc. |
by Oliva Coolidge. |
| 264 #1 - PRODUCTION, PUBLICATION, DISTRIBUTION, MANUFACTURE, AND COPYRIGHT NOTICE |
| Place of production, publication, distribution, manufacture |
New York : |
| Name of producer, publisher, distributor, manufacturer |
Scribner, |
| Date of production, publication, distribution, manufacture, or copyright notice |
[1964] |
|
| Date of production, publication, distribution, manufacture, or copyright notice |
©1964 |
| 300 ## - PHYSICAL DESCRIPTION |
| Extent |
221 pages : |
| Other physical details |
port. ; |
| Dimensions |
21 cm |
| 336 ## - CONTENT TYPE |
| Content type term |
text |
| Content type code |
txt |
| Source |
rdacontent |
| 337 ## - MEDIA TYPE |
| Media type term |
unmediated |
| Media type code |
n |
| Source |
rdamedia |
| 338 ## - CARRIER TYPE |
| Carrier type term |
volume |
| Carrier type code |
nc |
| Source |
rdacarrier |
| 520 ## - SUMMARY, ETC. |
| Summary, etc. |
A biography of the novelist, a contemporary of Henry James, who wrote about New York society life in such noted works as The House of Mirth and The Age of Innocence. |
| 600 10 - SUBJECT ADDED ENTRY--PERSONAL NAME |
| Personal name |
Wharton, Edith, |
| Dates associated with a name |
1862-1937. |
| 9 (RLIN) |
5413 |
| 650 00 - SUBJECT ADDED ENTRY--TOPICAL TERM |
| Topical term or geographic name entry element |
Novelists, American |
| Chronological subdivision |
20th century |
| Form subdivision |
Biography |
| 9 (RLIN) |
153151 |
| 942 ## - ADDED ENTRY ELEMENTS (KOHA) |
| Source of classification or shelving scheme |
Library of Congress Classification |
| Koha item type |
Book |